000 00467nam a2200181Ia 4500
001 23144
005 20260414150918.0
008 260414t2018||||xx |||||||||||||| ||spa||
041 _aESP
082 _a624.183412
_bZ24
100 _aZamani, Arzhang
_eAUT
245 0 _aEssential prestressed concrete examples :
_bin accordance with ACI 318-14
260 _c2018
300 _a91 páginas :
_c28 cm.
650 _a0
654 _aCIC
942 _cLIB
_dJUS
_fJUS
_2ddc
_n
999 _c23144
_d23144